000 00497cam a22001934a 4500
005 20250605164314.0
008 250528s ||||||||||||||||||||||||d
035 _a22633
020 _a9780029250907
040 _aGR-AtMCL
_bgre
_dGR-AtMCL
_eAACR2
245 1 _aCOMPETITIVE ADVANTAGE / CREATING AND SUSTAINING SUPERIOR PERFORMANCE
250 _a1
260 _bThe Free Press,
_c1985
300 _a557
700 1 _aPorter Michael E
_92745
942 _cBK
999 _c7681
_d7681